000 00731nac a22002051u 4500
010 _a 83080943
020 _a0471125016
082 0 0 _a621.38153
_bH426
090 _c4054
_d4054
100 _aHayt, William Hart,
245 1 0 _aElectronic circuit analysis and design /
_cWilliam H. Hayt, Jr., Gerold W. Neudeck.
250 _a2nd ed.
260 _aNew York :
_bJohn Wiley & Sons, INC,
_cc1995.
300 _axvi, 460 p. :
_bill. ;
_c25 cm.
500 _aIncludes index.
650 0 _aElectronic circuit design.
700 1 _aNeudeck, Gerold W.
942 _cBB
_k621.38153H426
999 _c4054
_d4054